|
|
|
|
| LEADER |
02848njm a2200541 a 4500 |
| 001 |
000927037 |
| 003 |
CZ BrMZK |
| 005 |
20090130094613.0 |
| 007 |
sd fsngnnmmned |
| 008 |
090115s2008 xr fmn g cze d |
| 024 |
3 |
|
|a 8590236041523
|
| 028 |
3 |
1 |
|a CR0415-2
|b Český rozhlas
|
| 040 |
|
|
|a BOA001
|b cze
|
| 040 |
|
|
|a ABA001
|b cze
|
| 041 |
0 |
|
|g eng
|g cze
|
| 072 |
|
7 |
|a 784
|x Vokální hudba
|2 Konspekt
|9 9
|
| 080 |
|
|
|a 784.4.088(437.32)
|2 MRF
|
| 080 |
|
|
|a 784.4.088(437.33)
|2 MRF
|
| 080 |
|
|
|a 784.4.088(=162.3):78.087.681
|2 MRF
|
| 080 |
|
|
|a (086.76)
|2 MRF
|
| 110 |
2 |
|
|a Kühnův dětský sbor
|7 ko2003164869
|
| 245 |
1 |
0 |
|a Czech and Moravian folk songs
|h [zvukový záznam] ;
|b in arrangements by /
|c Otmar Mácha & Václav Trojan & Jiří Teml
|
| 246 |
3 |
|
|i Na zadní straně pouzdra:
|a České a moravské lidové písně
|
| 260 |
|
|
|a Prague :
|b Radioservis,
|c p2008
|
| 300 |
|
|
|a 1 zvuková deska (71:19) :
|b digital, stereo ;
|c 12 cm +
|e 1 brožura (11 s.)
|
| 306 |
|
|
|a 011119
|
| 500 |
|
|
|a První skladba je pro ženský trojhlas s klavírem; Temlova skladba je psána původně pro sbor s klavírem, později ji autor instrumentoval pro komorní soubor s klavírem a bicími nástroji
|
| 500 |
|
|
|a Kompaktní deska (DDD)
|
| 505 |
0 |
|
|a Moravské lidové písně pro dětský sbor a klavír (1950) / Otmar Mácha (12:41) -- Slezske zpěvanky pro dětský sbor a klavír (1978) / Václav Trojan (25:45) -- Ta naše písnička : směs národních písní v úpravě pro dětský sbor a instrumentální soubor (1996) / Jiří Teml (32:34)
|
| 511 |
1 |
|
|a Kühnův dětský sbor, Jiří Chvála, sbormistr ; Daniel Wiesner (klavír)
|
| 518 |
|
|
|a Nahráno v pražských studiích Českého rozhlasu v dubnu 2008 (1), březnu 2008 (2) a v listopadu 1996 až lednu 1997 (3)
|
| 650 |
0 |
4 |
|a moravské lidové písně (dětský sbor, klavír), úpravy
|
| 650 |
0 |
4 |
|a slezské lidové písně (dětský sbor, klavír), úpravy
|
| 650 |
0 |
4 |
|a české lidové písně (dětský sbor, instrumentální soubor), úpravy
|
| 655 |
|
7 |
|a kompaktní desky
|7 fd201991
|2 czenas
|
| 700 |
1 |
|
|a Chvála, Jiří,
|d 1933-
|7 jn20000400410
|4 cnd
|
| 700 |
1 |
|
|a Wiesner, Daniel,
|d 1969-
|7 jn19990009124
|4 itr
|
| 700 |
1 |
2 |
|a Mácha, Otmar,
|d 1922-2006.
|t Moravské lidové písně
|7 aun2009494035
|
| 700 |
1 |
2 |
|a Trojan, Václav,
|d 1907-1983.
|t Slezske zpěvanky
|
| 700 |
1 |
2 |
|a Teml, Jiří,
|d 1935-
|t Ta naše písnička
|
| 740 |
0 |
2 |
|a Moravian folk songs for children's choir and piano (1950)
|
| 740 |
0 |
2 |
|a Silesian folk tunes for children's choir and piano (1978)
|
| 740 |
0 |
2 |
|a Our little song - Miscelaneus folk songs for children's choir and eight instruments (1996)
|
| 910 |
|
|
|a BOA001
|b CD-0014.986
|
| 990 |
|
|
|a AV
|
| 995 |
|
|
|a 01
|
| 991 |
|
|
|b 200901
|
| 996 |
6 |
|
|b 261H016643
|c CD-0014.986
|l MZK
|r Sklad / do 24 hodin
|n 0
|w 000927037
|u 000010
|a 1
|e BOA001
|j MZK50
|s P
|